000 00483nam a2200157Ia 4500
008 210210b1997 xxu||||| |||| 00| 0 eng d
020 _a0333 93055 0
082 _a658.4 LAMK
100 _aLAMBERT (Tom).
245 _aKey management solutions: 50 leading edge solutions to executive challenges.
260 _aDelhi.
_bMacmillan India Ltd.
_c1997
300 _axxv,277
650 _aManagement Solutions, Executive Problems
690 _aExecutive Management
906 _a053212
999 _c101161
_d101161